| 000 | 00462nam a2200157 i 4500 | ||
|---|---|---|---|
| 001 | 142339 | ||
| 003 | ES-MaACL | ||
| 005 | 20230906200510.0 | ||
| 007 | t| | ||
| 008 | 071004s1933 sp ||||1| spa d | ||
| 100 | 1 |
_aVila Fernández, Rosendo. _9114721 |
|
| 245 | 1 | 0 |
_aAlocución al cuerpo electoral / _cpor Rosendo Vila Fernández. |
| 260 |
_aMonforte de Lemos : _b[s.n.], _c1933 ( _fImp. Minerva) |
||
| 300 |
_a12 p. ; _c21 cm. |
||
| 852 |
_aES-MaACL _j1782-F-7 |
||
| 999 |
_c142339 _d142339 |
||